000 00508 a2200169 4500
003 OSt
005 20231102151743.0
008 231102b |||||||| |||| 00| 0 eng d
020 _a9839541404
040 _coclc
082 _a297.26
_bCHA/F
100 1 _aChaleby, Kutaiba S.
_99808
245 _aForensic psychiatry in Islamic jurisprudence /
_cKutaiba S Chaleby
260 _aMalaysia:
_bThe Other Press,
_c2004.
300 _a189p
942 _2ddc
_cBK
_h297.26
_iCHA/F
_k297.26
_mCHA/F
999 _c42754
_d42754